| 000 | 01000nam a2200265 a 4500 | ||
|---|---|---|---|
| 008 | |||
| 020 | _a0854034447 (pbk.) | ||
| 049 | _aMAIN | ||
| 090 | 0 | 1 | _aQB460.527.7 |
| 110 | 2 |
_aRoyal Society (Great Britain). _bDiscussion Meeting _d(1991 March 13-14 : _cLondon, England?). |
|
| 245 | 1 | 4 |
_aThe physics of solar flares : _bproceedings of a Royal Society Discussion Meeting held on 13 and 14 March, 1991 / _corganized and edited by J. L. Culhane and C. Jordan. |
| 260 |
_aLondon : _bRoyal Society, _c1991. |
||
| 300 |
_ap. 325-495 : _bill. ; _c25 cm. |
||
| 504 | _aIncludes bibliographical references. | ||
| 610 | 2 | 0 |
_aSolar Maximum Mission (Project) _vCongresses. |
| 650 | 0 |
_aSolar flares _vCongresses. |
|
| 650 | 0 |
_aNuclear astrophysics _vCongresses. |
|
| 700 | 1 | _aCulhane, J. Leonard. | |
| 700 | 1 | _aJordan, C. | |
| 907 |
_a.b10105700 _b08-01-04 _c07-01-04 |
||
| 003 | |||
| 005 | 20230123133556.0 | ||
| 040 | _cNUST | ||
| 942 |
_cBOOKS _kQB460.527.7 |
||
| 999 |
_c150987 _d150987 |
||